000 00488 a2200169 4500
003 OSt
005 20231214163513.0
008 231214b |||||||| |||| 00| 0 eng d
040 _coclc
082 _a894.8124
_bMAR/R
100 _aMarar, Kuttikrishna
_97066
245 _aRajankanam /
_cKuttikrishnamarar
250 _a9th ed.
260 _aKozhikode:
_bMarar Sahithya Prakasam,
_c2019.
300 _a200p.
942 _2ddc
_cBK
_h894.8124
_k894.8124
_iMAR/R
_mMAR/R
999 _c44128
_d44128